000 00307nam a2200121 a 4500
005 20140414131923.0
008 101023s19uu xx 00 eng d
050 _aER
_bW81 1979
100 _aBaum, L. Frank
245 _aThe wonderful wizard of Oz.
260 _aLondon :
_bOctopus,
_c1979.
999 _c111847
_d111847